=LDR 00000nam 2200000 4500 =001 INLIS000000000005443 =005 20130612093706 =008 ***********************************Ind** =035 ##$$0010-061300000005443 =041 ##$$a Ind =082 ##$$a 634.98 =090 ##$$a 634.98, Wib b =100 ##$$a Wibiyanto, Gunawan =245 ##$$a Budidaya sengon buto, Gunawab Wibiyanto =260 ##$$a 1999 $b Solo =300 ##$$a 58 hlm, ilus, 21 cm =650 ##$$a Sengon =850 ##$$a NBPNMAT =990 ##$$a 0001/BPAP-NTB/20142014